000 00981nam0a2200253 4500
001 RU\NLR\BIBL_A\012600128
005 20250624082542.0
035 _a(NLR Aleph) 012600128
090 _a13305411
_c13305411
100 _a20210922d1969 |||y0rusy50 ca
101 0 _akur
102 _aAM
105 _aa z 000 y
200 1 _aЗьмане Кיӫрди
_eкיьтеба дәрса бона дәрса бона дәрсхана IV-VIII
_fОрдихане Щәлил
_gЖь алие Министрийа РיСС Әрмәнистанейә рʾонкайе һатйә тʾәстqкьрьне
210 _aЕреван
_d1969
215 _a177,[2]с.
_d22
541 1 _6z01790
_aКурдский язык учебник для V-IV класса
_zrus
686 1 _aШ141.2-96(2=Курд.)
700 1 _aЩәлил
_bО.
_gОрдихане
_4070
790 1 _6z01541
_aДжалил
_bО.
_f1932-
_gОрдихане
_4070
852 _aNLR
_bОНЛ
942 _cBOOK
980 _aNB